000
00291nam a2200121Ia 4500
005
20251222143127.0
008
251222s9999||||xx |||||||||||||| ||spa||
020
_a
84-494-0692-7
082
_a
REF.370.15/O28
245
0
_a
Enciclopedia de PsicopedagogĂa:
264
_b
Océano
942
_c
LIB
999
_c
11760
_d
11760